00945 2200325 4500001002100000005001500021035002000036007000300056008004100059020002200100082001700122084001900139100003100158245004500189250004100234300003000275650000900305504003300314264003700347336002100384337003000405338002300435040002200458090002200480850001200502041001300514999002200527546004800549990002200597INLIS00000000087782420230406101407 a0010-0423000124ta230406b2023 xx g ind d a978-623-7402-74-904223a297.3822 a297.3822 NAF f0 aNaf'an MasyhadiePengarang10aFikih Wudhu Al Naf'iy /cNaf'an Masyhadi aEdisi pertama: Cetakan pertama, 2023 axii, 306 halaman ;c24 cm04aWudu aBibliografi: halaman 299-30431aSleman :bPustaka Diniyah,c2023 2rdacontentateks 2rdamediaatanpa perantara 2rdacarrieravolume aYOPDYOGbinderda aCB-D.11 2023-0210 aYOPDYOG aindgara aCB-D.11/2023-0210 aTeks dalam bahasa Indonesia dan bahasa Arab aCB-D.11/2023-0210